Тайм-менеджмент / ДО 2018: электронный курс

Dettagli Bibliografici
Autore principale: Николаенко В. С. Валентин Сергеевич
Ente Autore: Национальный исследовательский Томский политехнический университет Институт социально-гуманитарных технологий Кафедра менеджмента
Riassunto:Заглавие с экрана
Курс «Тайм-менеджмент» направлен на формирование и развитие профессиональных компетенций в сфере управления временем. Используя такие инструменты, как SMART, PERT-диаграммы, системы управления временем, делегирование и др., участники обучения смогут эффективно планировать личные и профессиональные цели, расставлять приоритеты, применять принципы управления временем в корпоративном управлении, а также самостоятельно разрабатывать модели управления временем. Данный курс ориентирован на тех, кто стремиться стать организованнее, эффективнее и продуктивнее.
Доступ по логину и паролю
Lingua:russo
Pubblicazione: Томск, TPU Moodle, 2017
Soggetti:
Accesso online:https://design.lms.tpu.ru/course/view.php?id=2662
Natura: Elettronico Libro
KOHA link:https://koha.lib.tpu.ru/cgi-bin/koha/opac-detail.pl?biblionumber=662189

MARC

LEADER 00000nlm0a2200000 4500
001 662189
005 20240110165619.0
035 |a (RuTPU)RU\TPU\network\33324 
035 |a RU\TPU\network\33323 
090 |a 662189 
100 |a 20200526d2017 m y0rusy50 ca 
101 0 |a rus 
102 |a RU 
105 |a a j 000zy 
135 |a jrcn ---uucaa 
181 0 |a i  
182 0 |a b 
200 1 |a Тайм-менеджмент / ДО 2018  |e электронный курс  |f В. С. Николаенко  |g Национальный исследовательский Томский политехнический университет. Институт социально-гуманитарных технологий. Кафедра менеджмента 
203 |a Текст  |c электронный 
210 |c TPU Moodle  |d 2017  |a Томск 
300 |a Заглавие с экрана 
330 |a Курс «Тайм-менеджмент» направлен на формирование и развитие профессиональных компетенций в сфере управления временем. Используя такие инструменты, как SMART, PERT-диаграммы, системы управления временем, делегирование и др., участники обучения смогут эффективно планировать личные и профессиональные цели, расставлять приоритеты, применять принципы управления временем в корпоративном управлении, а также самостоятельно разрабатывать модели управления временем. Данный курс ориентирован на тех, кто стремиться стать организованнее, эффективнее и продуктивнее. 
333 |a Доступ по логину и паролю 
606 1 |a Менеджмент  |2 stltpush  |3 (RuTPU)RU\TPU\subj\42098  |9 61850 
610 1 |a электронный ресурс 
610 1 |a труды учёных ТПУ 
610 1 |a электронное обучение 
610 1 |a электронные курсы ТПУ 
610 1 |a электронные учебные пособия 
610 1 |a учебные пособия 
610 1 |a дистанционное обучение 
610 1 |a дистанционное образование 
610 1 |a тайм-менеджмент 
610 1 |a эффективное использование 
610 1 |a время 
686 |a У9(2)212я7  |2 rubbk 
700 1 |a Николаенко  |b В. С.  |c экономист  |c ассистент кафедры Томского политехнического университета  |f 1987-  |g Валентин Сергеевич  |3 (RuTPU)RU\TPU\pers\31558  |9 15718 
712 0 2 |a Национальный исследовательский Томский политехнический университет  |b Институт социально-гуманитарных технологий  |b Кафедра менеджмента  |3 (RuTPU)RU\TPU\col\18855 
801 2 |a RU  |b 63413507  |c 20220321  |g RCR 
856 4 |u https://design.lms.tpu.ru/course/view.php?id=2662 
942 |c CF